[Event "Oberliga Nord O 1516"]
[Site "Germany"]
[Date "2016.04.10"]
[Round "9.1"]
[White "Berebora, Ferenc"]
[Black "Strzemiecki, Zbigniew"]
[Result "1/2-1/2"]
[WhiteElo "2435"]
[BlackElo "2363"]
[PlyCount "76"]
[EventDate "2015.09.20"]
[EventType "team-tourn"]
[EventRounds "9"]
[EventCountry "GER"]
[SourceTitle "EXT 2017"]
[Source "ChessBase"]
[SourceDate "2016.10.25"]
[SourceVersion "1"]
[SourceVersionDate "2016.10.25"]
[SourceQuality "1"]
[WhiteTeam "Neuruppin"]
[BlackTeam "Berlin SF"]
[WhiteTeamCountry "GER"]
[BlackTeamCountry "GER"]

1. e4 e6 2. d4 d5 3. Nd2 Be7 4. c3 c5 5. dxc5 Bxc5 6. Nb3 Bb6 7. exd5 exd5 8. Nf3 Nf6 9. Bb5+ Bd7 10. Bxd7+ Nbxd7 11. 0-0 0-0 12. Qd3 Re8 13. Bf4 Bc7 14. Bxc7 Qxc7 15. Rfe1 Ne5 16. Nxe5 Rxe5 17. Rxe5 Qxe5 18. f3 Re8 19. Rd1 h5 20. Qd4 Qe2 21. Qd2 h4 22. Nd4 Qe5 23. Qf2 h3 24. g3 g5 25. Nc2 Qf5 26. Ne3 Qe6 27. Nc2 Qf5 28. Nd4 Qe5 29. Rd2 Qe1+ 30. Qxe1 Rxe1+ 31. Kf2 Rh1 32. Ke3 Nd7 33. Nf5 Ne5 34. b3 f6 35. g4 Rf1 36. Rf2 Re1+ 37. Re2 Rf1 38. Rf2 Re1+ 1/2-1/2

[Event "BL2-Nord 1415"]
[Site "Germany"]
[Date "2014.12.07"]
[Round "4.3"]
[White "Strzemiecki, Zbigniew"]
[Black "Richter, Michael"]
[Result "0-1"]
[WhiteElo "2383"]
[BlackElo "2493"]
[PlyCount "52"]
[EventDate "2014.09.21"]
[EventType "team-tourn"]
[EventRounds "9"]
[EventCountry "GER"]
[SourceTitle "CBM 166 Extra"]
[Source "ChessBase"]
[SourceDate "2015.06.18"]
[SourceVersion "1"]
[SourceVersionDate "2015.06.18"]
[SourceQuality "1"]
[WhiteTeam "Berlin SF II"]
[BlackTeam "Berlin Tegel"]
[WhiteTeamCountry "GER"]
[BlackTeamCountry "GER"]

1. e4 c6 2. c4 d5 3. exd5 cxd5 4. cxd5 Nf6 5. Qa4+ Nbd7 6. Nc3 g6 7. Bc4 Bg7 8. d3 0-0 9. Nf3 a6 10. Qa3 b6 11. 0-0 Bb7 12. Re1 Re8 13. Ng5 Rc8 14. Bd2 b5 15. Bb3 Nc5 16. d6 e6 17. Nce4 Nfxe4 18. Nxe4 Nxd3 19. Bg5 Qd7 20. Bxe6 Rxe6 21. Qxd3 h6 22. Bf4 g5 23. Bg3 f5 24. Nxg5 hxg5 25. h4 f4 26. Bh2 Rxd6 0-1

[Event "Chervonograd 10th"]
[Site "Chervonograd"]
[Date "2014.12.02"]
[Round "10"]
[White "Strzemiecki, Zbigniew"]
[Black "Rakhmangulov, Andrei"]
[Result "1/2-1/2"]
[WhiteElo "2361"]
[BlackElo "2350"]
[PlyCount "24"]
[EventDate "2014.11.27"]
[EventType "tourn"]
[EventRounds "11"]
[EventCountry "UKR"]
[EventCategory "1"]
[SourceTitle "CBM 163 Extra"]
[Source "ChessBase"]
[SourceDate "2014.12.23"]
[SourceVersion "1"]
[SourceVersionDate "2014.12.23"]
[SourceQuality "1"]

1. e4 d6 2. d4 Nf6 3. Nc3 e5 4. Nf3 Nbd7 5. Bc4 Be7 6. 0-0 0-0 7. h3 c6 8. a4 b6 9. Ba2 a6 10. Re1 Rb8 11. Be3 b5 12. axb5 axb5 1/2-1/2

[Event "Chervonograd 10th"]
[Site "Chervonograd"]
[Date "2014.11.28"]
[Round "3"]
[White "Strzemiecki, Zbigniew"]
[Black "Sevostianov, Pavel"]
[Result "1/2-1/2"]
[WhiteElo "2361"]
[BlackElo "2302"]
[PlyCount "29"]
[EventDate "2014.11.27"]
[EventType "tourn"]
[EventRounds "11"]
[EventCountry "UKR"]
[EventCategory "1"]
[SourceTitle "CBM 163 Extra"]
[Source "ChessBase"]
[SourceDate "2014.12.23"]
[SourceVersion "1"]
[SourceVersionDate "2014.12.23"]
[SourceQuality "1"]

1. c4 Nf6 2. Nc3 d6 3. d3 g6 4. g3 Bg7 5. Bg2 0-0 6. Nf3 e5 7. 0-0 Nc6 8. e4 Bg4 9. h3 Bxf3 10. Bxf3 Nd7 11. Bg2 Nd4 12. Be3 c6 13. Qd2 a5 14. Bxd4 exd4 15. Ne2 1/2-1/2

[Event "Lvov Vasylyshyn Memorial-B 11th"]
[Site "Lvov"]
[Date "2014.11.23"]
[Round "6"]
[White "Anwesh, Upadhyaya"]
[Black "Strzemiecki, Zbigniew"]
[Result "1/2-1/2"]
[WhiteElo "2366"]
[BlackElo "2361"]
[PlyCount "38"]
[EventDate "2014.11.18"]
[EventType "tourn"]
[EventRounds "9"]
[EventCountry "UKR"]
[SourceTitle "CBM 163 Extra"]
[Source "ChessBase"]
[SourceDate "2014.12.23"]
[SourceVersion "1"]
[SourceVersionDate "2014.12.23"]
[SourceQuality "1"]

1. c4 Nf6 2. d4 e6 3. g3 d5 4. Nf3 dxc4 5. Bg2 Be7 6. 0-0 0-0 7. Qc2 a6 8. Qxc4 b5 9. Qc2 Bb7 10. Bd2 Be4 11. Qc1 Bb7 12. Bf4 Bd6 13. Nbd2 Nbd7 14. Nb3 Bd5 15. Rd1 Qe7 16. Ne5 Bxg2 17. Kxg2 Nd5 18. Na5 Nxf4+ 19. gxf4 f6 1/2-1/2

[Event "Lvov Vasylyshyn Memorial-B 11th"]
[Site "Lvov"]
[Date "2014.11.21"]
[Round "4"]
[White "Shtembuliak, Evgeny"]
[Black "Strzemiecki, Zbigniew"]
[Result "0-1"]
[WhiteElo "2348"]
[BlackElo "2361"]
[PlyCount "104"]
[EventDate "2014.11.18"]
[EventType "tourn"]
[EventRounds "9"]
[EventCountry "UKR"]
[SourceTitle "CBM 163 Extra"]
[Source "ChessBase"]
[SourceDate "2014.12.23"]
[SourceVersion "1"]
[SourceVersionDate "2014.12.23"]
[SourceQuality "1"]

1. e4 e6 2. d3 c5 3. Nf3 Nc6 4. g3 g6 5. Bg5 Qb6 6. Nbd2 Bg7 7. Rb1 d6 8. Bg2 Nge7 9. 0-0 0-0 10. a3 a5 11. a4 e5 12. Nc4 Qc7 13. c3 Be6 14. Nfd2 f5 15. f4 h6 16. Bxe7 Nxe7 17. fxe5 dxe5 18. exf5 gxf5 19. Qe2 Rae8 20. Rbe1 Bd5 21. Bxd5+ Nxd5 22. Qh5 f4 23. gxf4 Nf6 24. Qf3 exf4 25. Rxe8 Nxe8 26. Qd5+ Kh8 27. Rf3 Qe7 28. Kf1 Nf6 29. Qd6 Qe8 30. Ne5 Qh5 31. Ndc4 Kh7 32. h3 Qf5 33. Qxc5 Nh5 34. Qxa5 Re8 35. Qc7 Ng3+ 36. Kg2 Qg5 37. Qf7 Nf5+ 38. Kf1 Re7 39. h4 Nxh4 40. Rxf4 Rxf7 41. Rxf7 Kg8 42. d4 Bxe5 43. Nxe5 Qg2+ 44. Ke1 Qxb2 45. Rc7 Ng2+ 46. Kd1 Ne3+ 47. Ke1 Nd5 48. Rc8+ Kg7 49. Kf1 Qd2 50. Kg1 Nxc3 51. Rc7+ Kf6 52. Rf7+ Ke6 0-1

[Event "Lvov Vasylyshyn Memorial-B 11th"]
[Site "Lvov"]
[Date "2014.11.20"]
[Round "3"]
[White "Polulikh, Bogdan"]
[Black "Strzemiecki, Zbigniew"]
[Result "0-1"]
[WhiteElo "2076"]
[BlackElo "2361"]
[PlyCount "76"]
[EventDate "2014.11.18"]
[EventType "tourn"]
[EventRounds "9"]
[EventCountry "UKR"]
[SourceTitle "CBM 163 Extra"]
[Source "ChessBase"]
[SourceDate "2014.12.23"]
[SourceVersion "1"]
[SourceVersionDate "2014.12.23"]
[SourceQuality "1"]

1. d4 e6 2. c4 Nf6 3. Nc3 Bb4 4. e3 c5 5. Bd3 cxd4 6. exd4 b6 7. Nf3 Bb7 8. 0-0 0-0 9. Qe2 Bxc3 10. bxc3 d6 11. Bg5 Nbd7 12. Nd2 Qc7 13. f3 Rac8 14. Ne4 Nxe4 15. fxe4 f6 16. Bd2 Ba6 17. Rf3 Bxc4 18. Rh3 Bxd3 19. Qxd3 e5 20. Qf3 Rf7 21. Rf1 Nf8 22. Qg4 Qd7 23. Qd1 Qc6 24. Qg4 Re8 25. d5 Qd7 26. Rf5 Qa4 27. Bh6 Ng6 28. Be3 Qxa2 29. Rhf3 Qa1+ 30. Kf2 Qxc3 31. h4 Qc8 32. Qg3 Qc2+ 33. Kg1 Qxe4 34. Rh5 f5 35. Qg5 f4 36. Bf2 Qxd5 37. Rc3 Qe6 38. Rc6 h6 0-1

[Event "Police Gniota Memorial 29th"]
[Site "Police"]
[Date "2014.07.17"]
[Round "9"]
[White "Strzemiecki, Zbigniew"]
[Black "Smieszek, Wojciech"]
[Result "1-0"]
[WhiteElo "2405"]
[BlackElo "1943"]
[PlyCount "95"]
[EventDate "2014.07.09"]
[EventType "swiss"]
[EventRounds "9"]
[EventCountry "POL"]
[SourceTitle "CBM 161 Extra"]
[Source "ChessBase"]
[SourceDate "2014.08.29"]
[SourceVersion "1"]
[SourceVersionDate "2014.08.29"]
[SourceQuality "1"]

1. e4 c5 2. Nf3 g6 3. d4 cxd4 4. Nxd4 Nc6 5. c4 Nf6 6. Nc3 Nxd4 7. Qxd4 d6 8. b3 Bg7 9. Bb2 0-0 10. Qd2 Qa5 11. Bd3 Be6 12. 0-0 Rfc8 13. Rac1 Rc5 14. Qe2 Nh5 15. Qe3 b5 16. a3 b4 17. axb4 Qxb4 18. Bc2 Nf6 19. Na4 Rh5 20. Qc3 Qb7 21. h3 Rg5 22. Qe3 Rh5 23. f4 Bd7 24. Nc3 Bc6 25. Rce1 Nd7 26. Ba1 Qb6 27. Nd5 Qxe3+ 28. Rxe3 Bf8 29. g4 Rh6 30. Kg2 g5 31. fxg5 Rg6 32. h4 Ne5 33. Rg3 Bd7 34. Ne3 e6 35. Kh3 a5 36. Ng2 a4 37. Nf4 axb3 38. Bxb3 Bc6 39. Bxe5 dxe5 40. Nxg6 hxg6 41. Bc2 Ra2 42. Bd3 Rd2 43. Rgf3 Bc5 44. Rb1 Kf8 45. h5 gxh5 46. gxh5 Kg7 47. Rb8 Bg1 48. h6+ 1-0

[Event "Police Gniota Memorial 29th"]
[Site "Police"]
[Date "2014.07.16"]
[Round "8"]
[White "Strzemiecki, Zbigniew"]
[Black "Stremavicius, Titas"]
[Result "1/2-1/2"]
[WhiteElo "2405"]
[BlackElo "2325"]
[PlyCount "49"]
[EventDate "2014.07.09"]
[EventType "swiss"]
[EventRounds "9"]
[EventCountry "POL"]
[SourceTitle "CBM 161 Extra"]
[Source "ChessBase"]
[SourceDate "2014.08.29"]
[SourceVersion "1"]
[SourceVersionDate "2014.08.29"]
[SourceQuality "1"]

1. e4 c5 2. Nf3 Nc6 3. Bb5 g6 4. Bxc6 bxc6 5. 0-0 Bg7 6. Re1 Nf6 7. e5 Nd5 8. c4 Nc7 9. d4 cxd4 10. Qxd4 0-0 11. Nc3 Ne6 12. Qh4 f6 13. Ne4 d5 14. exd6 exd6 15. Rd1 d5 16. cxd5 cxd5 17. Nc3 Bb7 18. Bh6 Bxh6 19. Qxh6 d4 20. Nxd4 Nxd4 21. Qe3 Re8 22. Rxd4 Rxe3 23. Rxd8+ Rxd8 24. fxe3 Rd2 25. e4 1/2-1/2

[Event "Police Gniota Memorial 29th"]
[Site "Police"]
[Date "2014.07.09"]
[Round "1"]
[White "Czuchnicki, Adam"]
[Black "Strzemiecki, Zbigniew"]
[Result "1/2-1/2"]
[WhiteElo "2086"]
[BlackElo "2405"]
[PlyCount "133"]
[EventDate "2014.07.09"]
[EventType "swiss"]
[EventRounds "9"]
[EventCountry "POL"]
[SourceTitle "CBM 161 Extra"]
[Source "ChessBase"]
[SourceDate "2014.08.29"]
[SourceVersion "1"]
[SourceVersionDate "2014.08.29"]
[SourceQuality "1"]

1. d4 e6 2. c4 f5 3. g3 Nf6 4. Bg2 Bb4+ 5. Bd2 Qe7 6. Nf3 b6 7. 0-0 Bb7 8. Bf4 Bd6 9. Bg5 0-0 10. Nc3 h6 11. Bxf6 Qxf6 12. a3 Nc6 13. b4 Rfd8 14. e4 fxe4 15. Nxe4 Qf7 16. Nxd6 cxd6 17. Nd2 Qe7 18. d5 Nd4 19. Re1 Rac8 20. Rc1 Rf8 21. f4 Ba8 22. Nf3 Nxf3+ 23. Bxf3 Kh8 24. Bg4 e5 25. b5 Bb7 26. Qe2 Rce8 27. Bh5 Rc8 28. Qe4 Qf6 29. fxe5 dxe5 30. Qxe5 Qf2+ 31. Kh1 Qc5 32. Bg6 Qxa3 33. Bb1 Qf3+ 34. Kg1 Rxc4 35. Rcd1 Qf2+ 36. Kh1 Qc5 37. Re2 Qxb5 38. Red2 Qc5 39. Qe2 b5 40. Qd3 Kg8 41. Qh7+ Kf7 42. Bg6+ Ke7 43. Qxg7+ Kd8 44. Qxh6 Kc7 45. Kg2 a5 46. h4 Qd6 47. h5 b4 48. Qg5 Rg8 49. Rd4 Rc5 50. Qf4 Qxf4 51. gxf4 Kd6 52. Kf3 Ke7 53. f5 Kf6 54. Kf4 b3 55. R1d2 Rb5 56. Rb2 Bxd5 57. h6 Rxg6 58. fxg6 Kxg6 59. Ke5 Be6+ 60. Kd6 Kxh6 61. Rg2 Rg5 62. Rxg5 Kxg5 63. Ra4 b2 64. Rxa5+ Bf5 65. Rb5 b1Q 66. Rxb1 Bxb1 67. Kxd7 1/2-1/2

[Event "Milanowek-ch"]
[Site "Milanowek"]
[Date "2014.06.23"]
[Round "5"]
[White "Lasota, Adam"]
[Black "Strzemiecki, Zbigniew"]
[Result "0-1"]
[WhiteElo "1951"]
[BlackElo "2422"]
[PlyCount "194"]
[EventDate "2014.06.21"]
[EventType "swiss"]
[EventRounds "9"]
[EventCountry "POL"]
[SourceTitle "CBM 161 Extra"]
[Source "ChessBase"]
[SourceDate "2014.08.29"]
[SourceVersion "1"]
[SourceVersionDate "2014.08.29"]
[SourceQuality "1"]

1. d4 e6 2. Bf4 b6 3. e3 Bb7 4. Nf3 f5 5. h3 Nf6 6. Bd3 Be7 7. Nbd2 0-0 8. Qe2 Nd5 9. c3 Nxf4 10. exf4 c5 11. 0-0 Qc7 12. Qe3 Nc6 13. Rac1 Bf6 14. Rfe1 Ne7 15. c4 cxd4 16. Nxd4 Nc6 17. Nb5 Qb8 18. b3 a6 19. Nc3 Bd4 20. Qg3 Nb4 21. Bb1 Rf6 22. Nf3 Bxc3 23. Rxc3 Rg6 24. Qh2 a5 25. a3 Na6 26. Nh4 Rf6 27. Qg3 Nc5 28. Qe3 Qc7 29. Bd3 Rc8 30. Be2 Ne4 31. Rcc1 Qc5 32. Qxc5 bxc5 33. f3 Ng3 34. Kf2 Nh5 35. g3 Rff8 36. Red1 Bc6 37. Rc3 Rb8 38. Rdd3 a4 39. Bd1 Kf7 40. Ng2 Ke7 41. Ne3 g5 42. fxg5 f4 43. Ng2 fxg3+ 44. Kg1 Nf4 45. Nxf4 Rxf4 46. Kg2 axb3 47. Bxb3 Rg8 48. Kxg3 e5 49. h4 h6 50. Re3 d6 51. Bc2 hxg5 52. hxg5 Rxg5+ 53. Kf2 Rh4 54. Be4 Rh2+ 55. Kf1 Bd7 56. Re2 Rg1+ 57. Kxg1 Rxe2 58. Bd3 Ra2 59. Kf1 Bc6 60. Be2 Ba4 61. Bd3 Kd7 62. Be4 Kc7 63. Ke1 Rb2 64. Bd5 Kb6 65. f4 exf4 66. Rf3 Bc6 67. Bxc6 Kxc6 68. Rxf4 Kd7 69. Rf7+ Ke6 70. Ra7 Ke5 71. Kd1 Rb6 72. Kc2 Kd4 73. Ra4 Rc6 74. Kd2 Rc8 75. Ra6 Rd8 76. Ra4 Rh8 77. Kc2 Rh2+ 78. Kb3 Rd2 79. Ra6 Rd3+ 80. Kc2 Kxc4 81. Ra4+ Kb5 82. Ra8 c4 83. a4+ Kb4 84. a5 Ra3 85. a6 Ra2+ 86. Kb1 Ra5 87. a7 Kc3 88. Rd8 Rxa7 89. Rxd6 Rb7+ 90. Kc1 Rh7 91. Rd1 Rh2 92. Rg1 Kb3 93. Kb1 c3 94. Rc1 Rb2+ 95. Ka1 Ra2+ 96. Kb1 c2+ 97. Rxc2 Rxc2 0-1

[Event "Milanowek-ch"]
[Site "Milanowek"]
[Date "2014.06.22"]
[Round "3"]
[White "Powalka, Michal"]
[Black "Strzemiecki, Zbigniew"]
[Result "0-1"]
[WhiteElo "1814"]
[BlackElo "2422"]
[PlyCount "92"]
[EventDate "2014.06.21"]
[EventType "swiss"]
[EventRounds "9"]
[EventCountry "POL"]
[SourceTitle "CBM 161 Extra"]
[Source "ChessBase"]
[SourceDate "2014.08.29"]
[SourceVersion "1"]
[SourceVersionDate "2014.08.29"]
[SourceQuality "1"]

1. e4 e6 2. d4 d5 3. Nd2 Nc6 4. c3 e5 5. dxe5 dxe4 6. Qa4 Bf5 7. Nxe4 Qd5 8. Ng3 Bd7 9. e6 Qxe6+ 10. Be2 Ne5 11. Qc2 Bc6 12. Kf1 Ne7 13. Nh3 N7g6 14. Nf4 Nxf4 15. Bxf4 0-0-0 16. h4 g6 17. h5 Bd6 18. b4 Kb8 19. b5 Bd5 20. a4 Bb3 21. Qb1 Bc4 22. Bxe5 Bxe5 23. Rh4 Bxe2+ 24. Nxe2 Rhe8 25. Rh3 Qc4 26. hxg6 hxg6 27. Qc2 Bd6 28. Rd1 Re7 29. Rd4 Qc5 30. Re4 Qd5 31. Rxe7 Bxe7 32. Nd4 Bf6 33. Rd3 Qc4 34. Qd1 Bxd4 35. cxd4 Rxd4 36. Ke2 Kc8 37. Ke3 Qxd3+ 38. Qxd3 Rxd3+ 39. Kxd3 Kd7 40. Kd4 Kd6 41. g3 f6 42. f3 c6 43. bxc6 bxc6 44. f4 c5+ 45. Kc4 a6 46. a5 f5 0-1

[Event "Milanowek-ch"]
[Site "Milanowek"]
[Date "2014.06.21"]
[Round "1"]
[White "Kokoszczynski, Jan"]
[Black "Strzemiecki, Zbigniew"]
[Result "0-1"]
[WhiteElo "1753"]
[BlackElo "2422"]
[PlyCount "60"]
[EventDate "2014.06.21"]
[EventType "swiss"]
[EventRounds "9"]
[EventCountry "POL"]
[SourceTitle "CBM 161 Extra"]
[Source "ChessBase"]
[SourceDate "2014.08.29"]
[SourceVersion "1"]
[SourceVersionDate "2014.08.29"]
[SourceQuality "1"]

1. d4 e6 2. c4 f5 3. Nf3 Nf6 4. g3 b6 5. Bg2 Bb7 6. 0-0 a5 7. Nc3 Bb4 8. Qc2 0-0 9. Bd2 Qe7 10. Rfe1 Bxc3 11. Bxc3 Be4 12. Qc1 d6 13. Nd2 Bxg2 14. Kxg2 Qf7 15. f3 Nbd7 16. b3 Rae8 17. a3 e5 18. d5 f4 19. g4 Qg6 20. h3 e4 21. b4 a4 22. Bd4 Ne5 23. Bxe5 Rxe5 24. Nb1 Rfe8 25. Rf1 exf3+ 26. exf3 Re2+ 27. Rf2 Rxf2+ 28. Kxf2 Qh6 29. Nc3 Qh4+ 30. Kg1 Qg3+ 0-1

[Event "Milanowek-ch"]
[Site "Milanowek"]
[Date "2014.06.21"]
[Round "2"]
[White "Strzemiecki, Zbigniew"]
[Black "Praczukowski, Stanislaw"]
[Result "1/2-1/2"]
[WhiteElo "2422"]
[BlackElo "1931"]
[PlyCount "53"]
[EventDate "2014.06.21"]
[EventType "swiss"]
[EventRounds "9"]
[EventCountry "POL"]
[SourceTitle "CBM 161 Extra"]
[Source "ChessBase"]
[SourceDate "2014.08.29"]
[SourceVersion "1"]
[SourceVersionDate "2014.08.29"]
[SourceQuality "1"]

1. e4 c5 2. Nf3 d6 3. Bb5+ Bd7 4. Bxd7+ Qxd7 5. c4 Nc6 6. Nc3 g6 7. d4 cxd4 8. Nxd4 Bg7 9. Be3 Nf6 10. f3 0-0 11. Rc1 e6 12. 0-0 d5 13. Nxc6 bxc6 14. e5 Ne8 15. Bc5 Bxe5 16. Bxf8 Kxf8 17. f4 Bg7 18. b3 Nd6 19. Qd3 Nf5 20. Ne2 Qe7 21. cxd5 cxd5 22. Qa6 Kg8 23. Rc8+ Rxc8 24. Qxc8+ Bf8 25. Rc1 d4 26. Qc4 Qb7 27. Ng3 1/2-1/2

[Event "Golden Rook op 56th"]
[Site "Chotowa"]
[Date "2014.06.11"]
[Round "5"]
[White "Strzemiecki, Zbigniew"]
[Black "Lewtak, Damian"]
[Result "1/2-1/2"]
[WhiteElo "2422"]
[BlackElo "2320"]
[PlyCount "99"]
[EventDate "2014.06.08"]
[EventType "team-swiss"]
[EventRounds "9"]
[EventCountry "POL"]
[SourceTitle "EXT 2015"]
[Source "ChessBase"]
[SourceDate "2014.11.20"]
[SourceVersion "1"]
[SourceVersionDate "2014.11.20"]
[SourceQuality "1"]

1. e4 c5 2. Nf3 e6 3. d4 cxd4 4. Nxd4 Nc6 5. Nc3 Qc7 6. Be3 a6 7. Bd3 Nf6 8. 0-0 Ne5 9. f4 Neg4 10. Bd2 Bc5 11. Nce2 e5 12. fxe5 Qxe5 13. Bf4 Bxd4+ 14. Kh1 Qc5 15. Nxd4 Qxd4 16. e5 Nf2+ 17. Rxf2 Qxf2 18. exf6 gxf6 19. Qg4 d5 20. Qg7 Qxf4 21. Qxh8+ Kd7 22. Qxh7 Ke7 23. Qh8 Rb8 24. Re1+ Be6 25. Qh5 Qb4 26. Rb1 Rg8 27. Qf3 Rg5 28. c3 Qh4 29. Rf1 Re5 30. Kg1 Re1 31. g3 Rxf1+ 32. Bxf1 Qa4 33. a3 Qb3 34. Qe2 Kf8 35. Qd2 Kg7 36. h4 Bf5 37. Kh2 Be4 38. g4 Qb6 39. Kg3 Qc7+ 40. Qf4 Qb6 41. Qf2 Qc7+ 42. Kh3 Qd6 43. b4 a5 44. Qg3 Qc6 45. g5 fxg5 46. Qxg5+ Kh7 47. Qe5 Qa4 48. Bg2 Bxg2+ 49. Kxg2 Qxa3 50. Qh5+ 1/2-1/2

[Event "BL2-Nord 1314"]
[Site "Germany"]
[Date "2014.04.06"]
[Round "9.2"]
[White "Lichmann, Peter"]
[Black "Strzemiecki, Zbigniew"]
[Result "1-0"]
[WhiteElo "2315"]
[BlackElo "2428"]
[PlyCount "81"]
[EventDate "2013.10.13"]
[EventType "team-tourn"]
[EventRounds "9"]
[EventCountry "GER"]
[SourceTitle "EXT 2015"]
[Source "ChessBase"]
[SourceDate "2014.11.20"]
[SourceVersion "1"]
[SourceVersionDate "2014.11.20"]
[SourceQuality "1"]
[WhiteTeam "Werder Bremen II"]
[BlackTeam "Berlin SF II"]
[WhiteTeamCountry "GER"]
[BlackTeamCountry "GER"]

1. e4 e6 2. d3 c5 3. Nd2 Nc6 4. Ngf3 g6 5. g3 Bg7 6. Bg2 Nge7 7. 0-0 0-0 8. Re1 d6 9. c3 e5 10. a4 h6 11. Nc4 Be6 12. Bd2 f5 13. exf5 gxf5 14. Nh4 Qd7 15. Qe2 Rae8 16. f4 Kh7 17. Rad1 a6 18. fxe5 Nxe5 19. Nxe5 dxe5 20. Be3 Bb3 21. Ra1 c4 22. dxc4 Bxa4 23. Bxb7 Qxb7 24. Rxa4 f4 25. Bf2 Kg8 26. c5 Rf6 27. Re4 Ng6 28. Nxg6 Rxg6 29. Rxf4 exf4 30. Qxe8+ Kh7 31. Qe4 Qxb2 32. Qxf4 Qxc3 33. Qf5 Qc4 34. h4 Qg4 35. Qd3 h5 36. c6 Qc8 37. Rc1 Qc7 38. Rc5 Be5 39. Rd5 Qb8 40. Rd7+ Bg7 41. c7 1-0

[Event "Rewal op-A 18th"]
[Site "Rewal"]
[Date "2013.08.29"]
[Round "9"]
[White "Skawinski, Arkadiusz"]
[Black "Strzemiecki, Zbigniew"]
[Result "1-0"]
[WhiteElo "2284"]
[BlackElo "2437"]
[PlyCount "61"]
[EventDate "2013.08.20"]
[EventType "swiss"]
[EventRounds "9"]
[EventCountry "POL"]
[SourceTitle "CBM 156 Extra"]
[Source "ChessBase"]
[SourceDate "2013.10.22"]
[SourceVersion "1"]
[SourceVersionDate "2013.10.22"]
[SourceQuality "1"]

1. e4 e6 2. d4 d5 3. e5 c5 4. c3 Qb6 5. Nf3 Nc6 6. a3 c4 7. g3 Bd7 8. h4 f5 9. Bg2 Na5 10. Nbd2 Nh6 11. Ng5 0-0-0 12. 0-0 Be7 13. Ndf3 Nb3 14. Rb1 Be8 15. Nh2 Nf7 16. Nh3 g6 17. Re1 h6 18. Nf4 Rg8 19. Qe2 Kb8 20. Nf1 Bd7 21. Nxd5 exd5 22. e6 Bxe6 23. Qxe6 Qxe6 24. Rxe6 Bf8 25. Bf4+ Kc8 26. Rbe1 g5 27. hxg5 hxg5 28. Be5 f4 29. Bf6 Rd7 30. Re8+ Kc7 31. Be7 1-0

[Event "Rewal op-A 18th"]
[Site "Rewal"]
[Date "2013.08.28"]
[Round "8"]
[White "Strzemiecki, Zbigniew"]
[Black "Rudolf, Michal"]
[Result "1/2-1/2"]
[WhiteElo "2437"]
[BlackElo "2367"]
[PlyCount "27"]
[EventDate "2013.08.20"]
[EventType "swiss"]
[EventRounds "9"]
[EventCountry "POL"]
[SourceTitle "CBM 156 Extra"]
[Source "ChessBase"]
[SourceDate "2013.10.22"]
[SourceVersion "1"]
[SourceVersionDate "2013.10.22"]
[SourceQuality "1"]

1. e4 c6 2. c4 d5 3. exd5 cxd5 4. cxd5 Nf6 5. Qa4+ Nbd7 6. Nc3 g6 7. Bc4 Bg7 8. Nf3 0-0 9. d3 a6 10. Qa3 Nb6 11. Qb3 e6 12. dxe6 Nxc4 13. exf7+ Rxf7 14. dxc4 1/2-1/2

[Event "Rewal op-A 18th"]
[Site "Rewal"]
[Date "2013.08.27"]
[Round "7"]
[White "Malaniuk, Vladimir P"]
[Black "Strzemiecki, Zbigniew"]
[Result "1/2-1/2"]
[WhiteElo "2528"]
[BlackElo "2437"]
[PlyCount "22"]
[EventDate "2013.08.20"]
[EventType "swiss"]
[EventRounds "9"]
[EventCountry "POL"]
[SourceTitle "CBM 156 Extra"]
[Source "ChessBase"]
[SourceDate "2013.10.22"]
[SourceVersion "1"]
[SourceVersionDate "2013.10.22"]
[SourceQuality "1"]

1. Nf3 Nf6 2. c4 e6 3. d4 b6 4. g3 Bb7 5. Bg2 Be7 6. 0-0 0-0 7. Nc3 Ne4 8. Bd2 Nxc3 9. Bxc3 Be4 10. Ne1 Bxg2 11. Nxg2 d5 1/2-1/2

[Event "Rewal op-A 18th"]
[Site "Rewal"]
[Date "2013.08.26"]
[Round "6"]
[White "Strzemiecki, Zbigniew"]
[Black "Kiolbasa, Oliwia"]
[Result "1-0"]
[WhiteElo "2437"]
[BlackElo "1955"]
[PlyCount "73"]
[EventDate "2013.08.20"]
[EventType "swiss"]
[EventRounds "9"]
[EventCountry "POL"]
[SourceTitle "CBM 156 Extra"]
[Source "ChessBase"]
[SourceDate "2013.10.22"]
[SourceVersion "1"]
[SourceVersionDate "2013.10.22"]
[SourceQuality "1"]

1. e4 e5 2. Nf3 Nc6 3. Bb5 a6 4. Bxc6 dxc6 5. 0-0 f6 6. d4 Bg4 7. c3 Qe7 8. h3 Bh5 9. dxe5 fxe5 10. Be3 Nf6 11. Nbd2 0-0-0 12. Qc2 Rg8 13. Nh2 g5 14. f3 Bf7 15. Nb3 Qe8 16. Rad1 Bd6 17. c4 c5 18. Nxc5 Qc6 19. Nb3 Qxc4 20. Qf2 Qb5 21. Rc1 Bxb3 22. axb3 Rde8 23. Qc2 Kb8 24. Bc5 Bxc5+ 25. Qxc5 Qxc5+ 26. Rxc5 Rd8 27. Rxe5 Rd2 28. Rf2 Rd3 29. Ng4 Nxg4 30. hxg4 Rg6 31. Re8+ Ka7 32. Re2 Rxb3 33. e5 Rbb6 34. e6 Rc6 35. g3 Kb6 36. Kf2 Rh6 37. f4 1-0

[Event "Rewal op-A 18th"]
[Site "Rewal"]
[Date "2013.08.23"]
[Round "4"]
[White "Strzemiecki, Zbigniew"]
[Black "Brzezinski, Mateusz"]
[Result "1-0"]
[WhiteElo "2437"]
[BlackElo "2137"]
[PlyCount "49"]
[EventDate "2013.08.20"]
[EventType "swiss"]
[EventRounds "9"]
[EventCountry "POL"]
[SourceTitle "CBM 156 Extra"]
[Source "ChessBase"]
[SourceDate "2013.10.22"]
[SourceVersion "1"]
[SourceVersionDate "2013.10.22"]
[SourceQuality "1"]

1. e4 e6 2. d4 d5 3. exd5 exd5 4. Nf3 Bd6 5. c4 dxc4 6. Bxc4 Nf6 7. 0-0 0-0 8. Nc3 c6 9. Bb3 Bg4 10. h3 Bh5 11. g4 Nxg4 12. hxg4 Bxg4 13. Ne4 Bc7 14. Qd3 Na6 15. Bd2 Bf5 16. Bc2 Kh8 17. Bc3 Qd5 18. Nh4 Bxe4 19. Qxe4 Qh5 20. Qh1 f5 21. Nf3 Bh2+ 22. Nxh2 Rf6 23. Qf3 Qh4 24. Kh1 Nc7 25. Qg3 1-0

[Event "Rewal op-A 18th"]
[Site "Rewal"]
[Date "2013.08.21"]
[Round "2"]
[White "Strzemiecki, Zbigniew"]
[Black "Gosciniak, Maria"]
[Result "1/2-1/2"]
[WhiteElo "2437"]
[BlackElo "2098"]
[PlyCount "86"]
[EventDate "2013.08.20"]
[EventType "swiss"]
[EventRounds "9"]
[EventCountry "POL"]
[SourceTitle "CBM 156 Extra"]
[Source "ChessBase"]
[SourceDate "2013.10.22"]
[SourceVersion "1"]
[SourceVersionDate "2013.10.22"]
[SourceQuality "1"]

1. e4 e5 2. Nf3 Nc6 3. Bb5 a6 4. Bxc6 dxc6 5. 0-0 f6 6. d4 exd4 7. Nxd4 c5 8. Ne2 Qxd1 9. Rxd1 Bd7 10. Bf4 0-0-0 11. Nbc3 Ne7 12. Bg3 g5 13. f4 Bg7 14. Rd2 Bc6 15. Rad1 Rxd2 16. Rxd2 Rd8 17. Rxd8+ Kxd8 18. Kf2 h6 19. f5 b6 20. Ke3 Bf8 21. b3 Nc8 22. h3 Bd6 23. Nd1 Be8 24. Nf2 Ke7 25. Nd3 Bxg3 26. Nxg3 Nd6 27. c4 h5 28. h4 gxh4 29. Nf1 b5 30. Nxc5 bxc4 31. Nd2 cxb3 32. axb3 Bb5 33. Nf3 Nf7 34. Nxh4 Nd8 35. Ng6+ Kd6 36. Nd3 Bxd3 37. Kxd3 Nb7 38. Kd4 c5+ 39. Kc3 Na5 40. Nf4 Ke5 41. Nxh5 Kxe4 42. Nxf6+ Kxf5 43. Nd5 Kg4 1/2-1/2